[Event "GCT 2023 - Superbet Chess Classic"]
[Site "Bucarest"]
[Date "06.05.2022"]
[Round "1"]
[White "Ding Liren"]
[Black "Vachier Lagrave, Maxime"]
[Result "1/2-1/2"]
[WhiteElo "2788"]
[BlackElo "2741"]
[EventDate "2023.05.04"]

1. d4 d5 2. c4 dxc4 3. Nf3 Nf6 4. e3 e6 5. Bxc4 c5 6. O-O a6 7. b3 cxd4 8.
Nxd4 Be7 9. Bb2 O-O 10. Be2 b5 11. a4 bxa4 12. Rxa4 Bb7 13. Nd2 Nbd7 14.
Qa1 Nc5 15. Ra5 h6 16. Rc1 Rc8 17. b4 Ncd7 18. Rxc8 Qxc8 19. Bxa6 Bxa6 20.
Rxa6 Bxb4 21. Nc6 Qb7 22. Bxf6 Nxf6 23. Nxb4 Qxb4 24. Nf1 Rb8 25. Ra8 Rxa8
26. Qxa8+ Qf8 27. Qxf8+ Kxf8 28. f3 Nd7 29. Kf2 Ke7 30. e4 Nc5 31. Ke3 Nd7
32. Kf2 Nc5 33. Ke3 Nd7 34. Kf2 1/2-1/2

[Event "GCT 2023 - Superbet Chess Classic"]
[Site "Bucarest"]
[Date "06.05.2022"]
[Round "1"]
[White "Caruana, Fabiano"]
[Black "Deac, Bogdan-Daniel"]
[Result "1/2-1/2"]
[WhiteElo "2764"]
[BlackElo "2700"]
[EventDate "2023.05.04"]

1. d4 Nf6 2. c4 e6 3. Nc3 Bb4 4. Nf3 O-O 5. Bg5 c5 6. Rc1 cxd4 7. Nxd4 h6
8. Bh4 d5 9. cxd5 Bxc3+ 10. Rxc3 g5 11. Bg3 Qxd5 12. f3 e5 13. Nc2 Qxd1+
14. Kxd1 Rd8+ 15. Ke1 Nd5 16. Rd3 Nc6 17. e4 Nf4 18. Rxd8+ Nxd8 19. Bf2 Be6
20. b3 a5 21. g3 Nh5 22. Kd2 a4 23. Kc3 axb3 24. axb3 g4 25. fxg4 Nf6 26.
Bd3 Bxg4 27. Nb4 Rc8+ 28. Kb2 Bf3 29. Re1 Nc6 30. Bc5 Nd7 31. Bd6 Nxb4 32.
Bxb4 Nc5 33. Bc4 Bh5 34. Rc1 b6 35. Bd2 Kg7 36. Be3 Bg4 37. b4 Nd7 38. Kb3
h5 39. Ra1 Bf3 40. Bxf7 Kxf7 41. Rf1 b5 42. Rxf3+ Ke6 43. Bg5 Rc4 44. Re3
Nf6 45. Bxf6 Kxf6 46. Rf3+ Ke6 47. Re3 Kf6 48. Rf3+ Ke6 49. Re3 Kf6 1/2-1/2

[Event "GCT 2023 - Superbet Chess Classic"]
[Site "Bucarest"]
[Date "06.05.2022"]
[Round "1"]
[White "Nepomniachtchi, Ian"]
[Black "Rapport, Richard"]
[Result "1/2-1/2"]
[WhiteElo "2795"]
[BlackElo "2745"]
[EventDate "2023.05.04"]

1. e4 e6 2. d4 d5 3. Nd2 c5 4. Ngf3 Nc6 5. exd5 exd5 6. Bb5 cxd4 7. Qe2+
Qe7 8. Nb3 Qxe2+ 9. Bxe2 Bb4+ 10. Bd2 Bxd2+ 11. Kxd2 Nf6 12. Nfxd4 Bd7 13.
f3 Ne5 14. Rhe1 O-O-O 15. Nc5 Rhe8 16. b3 Nc6 17. Kc3 Nxd4 18. Kxd4 Bc6 19.
a4 a5 20. Nd3 Kc7 21. Ne5 Re7 22. Bd3 Rde8 23. g3 Nd7 24. f4 Nf8 25. Rf1
Ne6+ 26. Kc3 Nc5 27. Rad1 Nxd3 28. Rxd3 f6 29. Nf3 Re2 30. h4 R8e3 31. Nd4
Rxd3+ 32. Kxd3 Rg2 33. Rf3 Bd7 34. Re3 Kd6 35. Kc3 g6 36. Kb2 Kc5 37. Rd3
b6 38. Kc1 Rg1+ 39. Kd2 Rg2+ 40. Kc1 Rg1+ 41. Kd2 Rg2+ 42. Kc1 1/2-1/2

[Event "GCT 2023 - Superbet Chess Classic"]
[Site "Bucarest"]
[Date "06.05.2022"]
[Round "1"]
[White "Duda, J"]
[Black "Giri, Anish"]
[Result "1/2-1/2"]
[WhiteElo "2724"]
[BlackElo "2768"]
[EventDate "2023.05.04"]

1. d4 d5 2. c4 dxc4 3. e4 e5 4. Nf3 Bb4+ 5. Nc3 Nf6 6. Nxe5 b5 7. f3 O-O 8.
Be3 c5 9. a4 cxd4 10. Qxd4 Qe7 11. axb5 Rd8 12. Qxc4 Be6 13. Qe2 Qc7 14. b6
Bxc3+ 15. bxc3 Qxc3+ 16. Kf2 Qxa1 17. b7 Nbd7 18. bxa8=Q Rxa8 19. Nxd7 Nxd7
20. Qa6 Qb1 21. Rg1 Qb8 22. Bb5 Qxh2 23. Bxd7 Bxd7 24. Qb7 Rd8 25. Bg5 Qb8
26. Qd5 Qb6+ 27. Be3 Qb2+ 28. Kg3 Qb5 29. Rd1 Qxd5 30. Rxd5 Kf8 31. Bxa7
Ke8 32. Rg5 Ra8 33. Be3 Ra6 34. Rxg7 Rg6+ 35. Rxg6 hxg6 36. Kf4 Bb5 37. Kg3
Bd7 38. Kf4 Bb5 39. Kg3 Bd7 1/2-1/2

[Event "GCT 2023 - Superbet Chess Classic"]
[Site "Bucarest"]
[Date "06.05.2022"]
[Round "1"]
[White "Firouzja, Alireza"]
[Black "So, Wesley"]
[Result "0-1"]
[WhiteElo "2785"]
[BlackElo "2760"]
[EventDate "2023.05.04"]

1. e4 e5 2. Nf3 Nc6 3. Bc4 Bc5 4. d3 d6 5. c3 Bb6 6. O-O h6 7. Nbd2 Nf6 8.
Bb3 a5 9. Re1 O-O 10. h3 Be6 11. Bxe6 fxe6 12. Nc4 Ba7 13. Be3 Bxe3 14.
Rxe3 a4 15. d4 exd4 16. cxd4 d5 17. exd5 exd5 18. Ncd2 Qd6 19. a3 Qf4 20.
Nb1 Ne4 21. Nc3 Nxc3 22. Rxc3 Qd6 23. Rac1 Rf7 24. R1c2 Rf4 25. Re3 Qf6 26.
Rd3 Re8 27. Rc5 Qd6 28. Rcc3 Rfe4 29. g3 Re2 30. Rd2 Rxd2 31. Qxd2 Qg6 32.
Kg2 Qb1 33. Rc1 Qf5 34. Rc3 Qb1 35. h4 Re7 36. Rc1 Qf5 37. Qd1 g5 38. hxg5
hxg5 39. Qd2 g4 40. Nh4 Qe4+ 41. Kh2 Qxd4 42. Qg5+ Rg7 43. Qf5 Rf7 44. Qg5+
Kf8 45. Kh1 Qe4+ 46. Kg1 Ke8 47. Qd2 Re7 48. Rd1 d4 49. Qg5 Ne5 50. Qd2 d3
51. Qf4 Qxf4 52. gxf4 Nc4 53. Rxd3 Nxb2 54. Rc3 Rd7 55. Kg2 Nd3 56. Kg3 c5
57. Kxg4 b5 58. Nf5 Kf7 59. Kg5 Rd5 60. Rc2 Ne1 61. Rc3 Nd3 62. Rc2 b4 63.
axb4 cxb4 64. Rc7+ Ke8 65. Kf6 Kd8 66. Ra7 b3 67. Ne3 Rd6+ 68. Kf5 b2 69.
Rb7 Rd4 70. Nc2 Rxf4+ 71. Kg5 Rxf2 72. Na3 Rf1 0-1

[Event "GCT 2023 - Superbet Chess Classic"]
[Site "Bucarest"]
[Date "07.05.2023"]
[Round "2"]
[White "Rapport, Richard"]
[Black "Duda, Jan-Krzysztof"]
[Result "1-0"]
[WhiteTitle "GM"]
[BlackTitle "GM"]
[WhiteElo "2745"]
[BlackElo "2724"]
[WhiteFideId "738590"]
[BlackFideId "1170546"]
[EventDate "2023.05.06"]

1. Nf3 d5 2. g3 Nd7 3. d4 Nb6 4. Nc3 Bf5 5. Nh4 e6 6. Nxf5 exf5 7. Qd3 g6 8. Bg2
Nf6 9. Bg5 Bg7 10. Qe3+ Kf8 11. Na4 h6 12. Qa3+ Qe7 13. Qxe7+ Kxe7 14. Nxb6 axb6
15. Bxf6+ Bxf6 16. Bxd5 c6 17. Bb3 Bxd4 18. c3 Bf6 19. O-O-O Rhd8 20. a4 Rxd1+
21. Rxd1 b5 22. axb5 Ra1+ 23. Kd2 Rxd1+ 24. Bxd1 cxb5 25. b4 g5 26. f4 gxf4 27.
gxf4 Bh4 28. Bc2 Ke6 29. Bd3 Bf2 30. e3 h5 31. Ke2 Bh4 32. Bxb5 Bf6 33. Bc4+ Ke7
34. Kd3 h4 35. Bd5 b6 36. Bg2 Bg7 37. Kc4 Kd6 38. Bh3 Ke6 39. Bf1 Ke7 40. Bg2
Kd6 41. Kb3 Ke7 42. c4 Bf6 43. Bh3 Ke6 44. e4 Bd4 45. Bxf5+ Kd6 46. e5+ Kc7 47.
e6 fxe6 48. Bxe6 Kd6 49. Bg4 h3 50. Bxh3 Bg1 51. f5 Bxh2 52. f6 1-0

[Event "GCT 2023 - Superbet Chess Classic"]
[Site "Bucarest"]
[Date "07.05.2023"]
[Round "2"]
[White "Vachier Lagrave, Maxime"]
[Black "So, Wesley"]
[Result "1/2-1/2"]
[WhiteTitle "GM"]
[BlackTitle "GM"]
[WhiteElo "2741"]
[BlackElo "2760"]
[WhiteFideId "623539"]
[BlackFideId "5202213"]
[EventDate "2023.05.06"]

1. d4 Nf6 2. Bf4 d5 3. e3 c5 4. Nf3 Nc6 5. Nbd2 e6 6. c3 Nh5 7. Bg5 f6 8. Bh4 g6
9. Be2 cxd4 10. Nxd4 Ng7 11. Nxc6 bxc6 12. e4 Be7 13. f4 Qb6 14. Qb3 O-O 15.
Qxb6 axb6 16. O-O Ba6 17. Bxa6 Rxa6 18. e5 Bc5+ 19. Bf2 Be7 20. Bh4 Bc5+ 21. Bf2
Be7 22. Bh4 1/2-1/2

[Event "GCT 2023 - Superbet Chess Classic"]
[Site "Bucarest"]
[Date "07.05.2023"]
[Round "2"]
[White "Ding, Liren"]
[Black "Caruana, Fabiano"]
[Result "1/2-1/2"]
[WhiteTitle "GM"]
[BlackTitle "GM"]
[WhiteElo "2788"]
[BlackElo "2764"]
[WhiteFideId "8603677"]
[BlackFideId "2020009"]
[EventDate "2023.05.06"]

1. c4 Nf6 2. g3 e6 3. Bg2 d5 4. Nf3 Be7 5. O-O O-O 6. d4 dxc4 7. Qc2 a6 8. a4
Nc6 9. Qxc4 Na5 10. Qc2 b6 11. Ne5 Bb7 12. Bxb7 Nxb7 13. Nc6 Qd7 14. Rd1 Rfc8
15. Bg5 h6 16. Bxf6 Bxf6 17. Ra3 Nc5 18. Nb4 Nb7 19. Nc6 Nc5 20. Nb4 Nb7 21. Nc6
Nc5 1/2-1/2

[Event "GCT 2023 - Superbet Chess Classic"]
[Site "Bucarest"]
[Date "07.05.2023"]
[Round "2"]
[White "Giri, Anish"]
[Black "Firouzja, Alireza"]
[Result "1/2-1/2"]
[WhiteTitle "GM"]
[BlackTitle "GM"]
[WhiteElo "2768"]
[BlackElo "2785"]
[WhiteFideId "24116068"]
[BlackFideId "12573981"]
[EventDate "2023.05.06"]

1. d4 d5 2. c4 c6 3. Nc3 Nf6 4. cxd5 cxd5 5. Bf4 Nc6 6. e3 Bf5 7. Qb3 Na5 8.
Qa4+ Bd7 9. Qc2 e6 10. Bd3 Rc8 11. Nf3 Bb4 12. O-O O-O 13. Bg5 h6 14. Bh4 a6 15.
Ne5 Bb5 16. Bxb5 axb5 17. Bxf6 gxf6 18. Nd3 Bxc3 19. bxc3 Nc4 20. a4 bxa4 21.
Rxa4 Nd6 22. Rb4 Rc6 23. Nf4 Qc7 24. Rb3 Rc8 25. Rc1 b5 26. g3 Ne4 27. Ne2 b4
28. Rxb4 Nxc3 29. Nxc3 Rxc3 30. Qxc3 Qxc3 31. Rxc3 Rxc3 32. Kg2 Kg7 33. Rb5 Ra3
34. Rb4 Rc3 35. Rb5 Ra3 36. Rb4 Rc3 1/2-1/2

[Event "GCT 2023 - Superbet Chess Classic"]
[Site "Bucarest"]
[Date "08.05.2023"]
[Round "3"]
[White "So, Wesley"]
[Black "Giri, Anish"]
[Result "1/2-1/2"]
[WhiteElo "2760"]
[BlackElo "2768"]
[EventDate "2023.05.04"]

1. e4 e5 2. Nf3 Nc6 3. Bb5 Nf6 4. O-O Nxe4 5. d4 Nd6 6. Bxc6 dxc6 7. dxe5
Nf5 8. Qxd8+ Kxd8 9. h3 Ke8 10. Nc3 h5 11. Bf4 Bb4 12. Ne2 Be6 13. Ned4
Nxd4 14. Nxd4 Bd5 15. Rfd1 Rd8 16. a3 Be7 17. f3 g5 18. Be3 Rg8 19. Nf5 b6
20. Kf2 Be6 21. Nxe7 Rxd1 22. Rxd1 Kxe7 23. g4 hxg4 24. hxg4 f5 25. exf6+
Kxf6 26. Rh1 Bf7 27. Bd4+ Kg6 28. Rh5 c5 29. Be5 c6 30. Kg3 Bd5 31. f4
gxf4+ 32. Bxf4 Be4 33. Re5 Bxc2 34. Re6+ Kf7 35. Rxc6 Re8 36. Bg5 Re1 37.
Rc7+ Kg6 38. Bd2 Rg1+ 39. Kf4 Rf1+ 40. Ke5 Rf2 41. Bc3 Rf7 42. Rc8 Bd1 43.
Rg8+ Kh7 44. Rg5 Rg7 45. Rxg7+ Kxg7 46. g5 Kg6 47. Kf4 a5 48. b4 cxb4 49.
axb4 a4 50. Bb2 Be2 51. Ke3 Bc4 52. Kf4 b5 53. Bc1 Be2 54. Bb2 Bc4 55. Bc1
Be2 56. Bb2 Bc4 1/2-1/2

[Event "GCT 2023 - Superbet Chess Classic"]
[Site "Bucarest"]
[Date "08.05.2023"]
[Round "3"]
[White "Firouzja, Alireza"]
[Black "Rapport, Richard"]
[Result "1/2-1/2"]
[WhiteElo "2785"]
[BlackElo "2745"]
[EventDate "2023.05.04"]

1. e4 e5 2. Nf3 Nf6 3. Nxe5 d6 4. Nf3 Nxe4 5. Nc3 Nxc3 6. dxc3 Be7 7. Be3
Nc6 8. Qd2 Bf5 9. O-O-O Qd7 10. a3 O-O 11. h4 Rfe8 12. Bc4 Bf8 13. Bf4 h6
14. Rhg1 Bg4 15. Rde1 Rxe1+ 16. Rxe1 Re8 17. Rxe8 Qxe8 18. Bd5 b6 19. Nd4
Nxd4 20. cxd4 Qb5 21. c4 Qb3 22. Qc2 Qxc2+ 23. Kxc2 Be7 24. g3 g5 25. hxg5
Bxg5 26. Bxg5 hxg5 27. c5 Kf8 28. cxd6 cxd6 29. Kd3 Ke7 30. Kd2 Kf8 31. Kd3
Ke7 32. Kd2 Kf8 33. Kd3 1/2-1/2

[Event "GCT 2023 - Superbet Chess Classic"]
[Site "Bucarest"]
[Date "08.05.2023"]
[Round "3"]
[White "Nepomniachtchi, Ian"]
[Black "Ding, Liren"]
[Result "1/2-1/2"]
[WhiteElo "2795"]
[BlackElo "2788"]
[EventDate "2023.05.04"]

1. d4 Nf6 2. c4 e6 3. Nc3 d5 4. cxd5 exd5 5. Bg5 c6 6. e3 Bf5 7. Qf3 Bg6 8.
Bxf6 Qxf6 9. Qxf6 gxf6 10. Nf3 a5 11. Nh4 a4 12. a3 Nd7 13. f4 Bc2 14. Rc1
Bb3 15. Nb1 Ra5 16. Be2 c5 17. Nf5 Nb6 18. Nd2 c4 19. Nb1 Na8 20. Nc3 Nc7
21. Kf2 b5 22. e4 b4 23. axb4 Bxb4 24. Nxd5 Nxd5 25. exd5 Rxd5 26. Bxc4
Rxf5 27. Bxb3 O-O 28. Rc4 Rxf4+ 29. Ke3 Bd2+ 30. Kxd2 axb3 31. Re1 Rd8 32.
Kd3 f5 33. Rb4 h5 34. Re2 h4 35. h3 Kg7 36. Kc3 Re4 37. Kd3 Rxe2 38. Kxe2
Kf6 39. Kf3 Rg8 40. Rb6+ Ke7 41. Kf4 Rxg2 42. Rxb3 Ke6 43. Re3+ Kd5 44. Rf3
Rxb2 45. Kxf5 Kxd4 46. Rf4+ Ke3 47. Re4+ Kf3 48. Rxh4 Kg3 49. Rg4+ Kxh3 50.
Rf4 Kg3 51. Rf1 Rf2+ 52. Rxf2 Kxf2 53. Kf6 Kf3 54. Kxf7 1/2-1/2

[Event "GCT 2023 - Superbet Chess Classic"]
[Site "Bucarest"]
[Date "08.05.2023"]
[Round "3"]
[White "Caruana, Fabiano"]
[Black "Vachier Lagrave, Maxime"]
[Result "1-0"]
[WhiteElo "2764"]
[BlackElo "2741"]
[EventDate "2023.05.04"]

1. d4 Nf6 2. c4 g6 3. h4 Bg7 4. Nc3 O-O 5. e4 d6 6. Be2 c5 7. d5 b5 8. cxb5
a6 9. a4 axb5 10. Bxb5 Ba6 11. Bxa6 Nxa6 12. Nf3 Qd7 13. O-O Qg4 14. Re1
Nb4 15. Bg5 Nh5 16. Bxe7 Nf4 17. g3 Rfe8 18. Bxd6 Nfd3 19. Re3 Nxb2 20. Qb3
N2d3 21. e5 f5 22. Nh2 Qh3 23. Ne2 1-0

[Event "GCT 2023 - Superbet Chess Classic"]
[Site "Bucarest"]
[Date "08.05.2023"]
[Round "3"]
[White "Duda, Jan-Krzysztof"]
[Black "Deac, Bogdan-Daniel"]
[Result "1/2-1/2"]
[WhiteElo "2724"]
[BlackElo "2700"]
[EventDate "2023.05.04"]

1. e4 c5 2. Nf3 Nc6 3. Bb5 g6 4. O-O Bg7 5. c3 a6 6. Bxc6 dxc6 7. h3 Nf6 8.
Re1 O-O 9. d4 cxd4 10. cxd4 Nd7 11. Nc3 b5 12. Bg5 Bb7 13. Qd2 c5 14. d5
Nb6 15. Rad1 Rc8 16. Bh6 Qc7 17. Bxg7 Kxg7 18. b3 Rcd8 19. Qg5 h6 20. Qe3
Rfe8 21. Rd2 b4 22. Ne2 e6 23. Rc1 exd5 24. Rxc5 Qe7 25. Nfd4 Qxe4 26. Qg3
Qe5 27. Qxe5+ Rxe5 28. Nc2 Rc8 29. Rxc8 Nxc8 30. Nxb4 a5 31. Nd3 Re7 32.
Nc5 Nb6 33. f3 a4 34. Kf2 axb3 35. axb3 Bc8 36. Ra2 Rc7 37. Ra5 Nd7 38. Nd3
Rc2 39. Rxd5 Ra2 40. Ke3 Nf6 41. Re5 Be6 42. Ndc1 Rb2 43. g4 Nd5+ 44. Kf2
Nf4 45. Kg3 Nxe2+ 46. Rxe2 Rb1 47. Rc2 Bxb3 48. Nxb3 Rxb3 49. Rd2 g5 50.
Rc2 Kg6 51. Rc6+ f6 52. Ra6 Rc3 53. Rb6 Ra3 54. Rc6 Rb3 55. Rd6 Ra3 56. Rc6
Rb3 57. Rd6 Ra3 1/2-1/2

[Event "GCT 2023 - Superbet Chess Classic"]
[Site "Bucarest"]
[Date "09.05.2023"]
[Round "4"]
[White "Deac, Bogdan-Daniel"]
[Black "Firouzja, Alireza"]
[Result "0-1"]
[WhiteElo "2700"]
[BlackElo "2785"]
[EventDate "2023.05.04"]

1. d4 d5 2. Nf3 Nf6 3. c4 c6 4. e3 Bf5 5. Nc3 e6 6. Be2 h6 7. O-O Nbd7 8.
Bd3 Bxd3 9. Qxd3 Bb4 10. Bd2 Ba5 11. b4 Bc7 12. b5 Nb6 13. bxc6 dxc4 14.
Qc2 bxc6 15. Na4 O-O 16. Rac1 Qd5 17. Bb4 Rfb8 18. Nb2 a5 19. Ba3 c3 20.
Nd3 Ne4 21. Nc5 Nd2 22. Nxd2 cxd2 23. Qxd2 e5 24. e4 Qd8 25. Rfd1 exd4 26.
Qxd4 Bf4 27. Rc2 Qg5 28. Rf1 Rd8 29. Qc3 Qh5 30. g3 Be5 31. Qb3 Nc8 32. Bc1
Rb8 33. Qa4 Rd1 34. Rd2 Rxf1+ 35. Kxf1 Nb6 36. Qxc6 Qxh2 37. Nd3 Qh1+ 38.
Ke2 Bd4 39. Rd1 Qh5+ 40. Ke1 Rc8 41. Qb7 Qf3 0-1

[Event "GCT 2023 - Superbet Chess Classic"]
[Site "Bucarest"]
[Date "09.05.2023"]
[Round "4"]
[White "Caruana, Fabiano"]
[Black "Nepomniachtchi, Ian"]
[Result "1-0"]
[WhiteElo "2764"]
[BlackElo "2795"]
[EventDate "2023.05.04"]

1. d4 Nf6 2. Nf3 d5 3. c4 e6 4. Nc3 c5 5. e3 Nc6 6. cxd5 exd5 7. Bb5 cxd4
8. Nxd4 Bd7 9. O-O Bd6 10. Nf3 Be6 11. b3 a6 12. Bd3 Ne5 13. Nxe5 Bxe5 14.
Bb2 Rc8 15. Rc1 O-O 16. f4 Bc7 17. Ne2 Bb6 18. Bd4 Bxd4 19. Nxd4 Qa5 20.
Qe2 Rfe8 21. h3 Bd7 22. Rxc8 Rxc8 23. Qb2 Qc5 24. a4 a5 25. Qd2 b6 26. Rb1
Qa3 27. Kh2 h6 28. Rb2 Qe7 29. Rc2 Rc5 30. Nf3 Rxc2 31. Bxc2 Qc5 32. Bd3
Kf8 33. Nd4 Kg8 34. Kg1 Kf8 35. Kf2 Ke7 36. Qb2 Kf8 37. Nc2 Ne4+ 38. Bxe4
dxe4 39. Nd4 Bc6 40. Qe2 Qc3 41. Qa6 Qd2+ 42. Ne2 Qb4 43. Qc8+ Be8 44. Qc2
Bd7 45. Nd4 f5 46. Qc7 Qd2+ 47. Ne2 Be6 48. Qxb6 Kf7 49. Qd4 Qa2 50. Qa7+
Kg8 51. Qa8+ Kh7 52. Qxa5 Kh8 53. Qd8+ Kh7 54. Qa5 Kh8 55. b4 Bc4 56. Qd8+
Kh7 57. Qd1 Bb3 58. Qd7 Be6 59. Qb5 Kh8 60. Qc5 g6 61. Ke1 Kg8 62. Qd6 Kf7
63. Qd2 Qxa4 64. Nd4 Bc4 65. Kf2 h5 66. Kg3 Qa3 67. b5 Qd3 68. Qc1 Bxb5 69.
Qc7+ Kf8 70. Qc5+ 1-0

[Event "GCT 2023 - Superbet Chess Classic"]
[Site "Bucarest"]
[Date "09.05.2023"]
[Round "4"]
[White "Vachier Lagrave, Maxime"]
[Black "Giri, Anish"]
[Result "1/2-1/2"]
[WhiteElo "2741"]
[BlackElo "2768"]
[EventDate "2023.05.04"]

1. e4 e5 2. Nf3 Nc6 3. d4 exd4 4. Nxd4 Nf6 5. Nxc6 bxc6 6. e5 Qe7 7. Qe2
Nd5 8. h4 d6 9. c4 Nb6 10. exd6 Qxe2+ 11. Bxe2 cxd6 12. Nc3 Be6 13. Bf3 Rc8
14. b3 Be7 15. Bg5 d5 16. cxd5 Nxd5 17. Bxe7 Kxe7 18. Bxd5 Bxd5 19. O-O-O
Rhd8 20. Rhe1+ Be6 21. Re4 Rxd1+ 22. Nxd1 Rc7 23. Ra4 Kd7 24. Nc3 Kc8 25.
Ne4 Bd5 26. Nc5 Re7 27. g3 Bf3 28. Kd2 Re5 29. Nd3 Re7 30. Kc3 Kb7 31. Nc5+
Kb6 32. b4 Be2 33. Ra3 Re8 34. Nd7+ Kb7 35. Nc5+ Kb6 36. Rb3 Bg4 37. Ra3
Be2 38. Nd7+ Kb7 39. Nc5+ Kb6 1/2-1/2

[Event "GCT 2023 - Superbet Chess Classic"]
[Site "Bucarest"]
[Date "09.05.2023"]
[Round "4"]
[White "Ding, Liren"]
[Black "Duda, Jan-Krzysztof"]
[Result "1/2-1/2"]
[WhiteElo "2788"]
[BlackElo "2724"]
[EventDate "2023.05.04"]

1. Nf3 d5 2. g3 Nf6 3. Bg2 e6 4. O-O Be7 5. d4 O-O 6. a3 b5 7. Nc3 a6 8.
Nd2 Nbd7 9. e4 dxe4 10. Ndxe4 Rb8 11. Nxf6+ Nxf6 12. Re1 Bb7 13. Bxb7 Rxb7
14. Qf3 Rb6 15. Bf4 Qd7 16. Be5 Rd8 17. Rad1 Nd5 18. Nxd5 exd5 19. Bf4 Bf8
20. Rd3 Rc6 21. Rc3 Re8 22. Rxe8 Qxe8 23. Re3 Qd7 24. c3 Rf6 25. Qe2 c6 26.
b4 Re6 27. Rxe6 Qxe6 28. Qxe6 fxe6 29. Be5 Be7 30. Kg2 Kf7 31. f4 h5 32.
Kf3 g6 33. h3 Bd8 34. h4 Be7 35. Ke3 Bd8 36. Kf3 Be7 37. Ke3 Bd8 38. Kf3
1/2-1/2

[Event "GCT 2023 - Superbet Chess Classic"]
[Site "Bucarest"]
[Date "09.05.2023"]
[Round "4"]
[White "Rapport, Richard"]
[Black "So, Wesley"]
[Result "1/2-1/2"]
[WhiteElo "2745"]
[BlackElo "2760"]
[EventDate "2023.05.04"]

1. c4 Nf6 2. Nc3 e5 3. Nf3 Nc6 4. g3 d5 5. cxd5 Nxd5 6. Bg2 Bc5 7. O-O O-O
8. d3 h6 9. Nxd5 Qxd5 10. Bd2 Qd6 11. Bc3 Rd8 12. Nd2 Be6 13. Rc1 Bb6 14.
a4 a5 15. Qc2 Bd5 16. Bxd5 Qxd5 17. Qb3 Nd4 18. Bxd4 exd4 19. Rc2 Qxb3 20.
Nxb3 Rd5 21. Rfc1 Re8 22. Kf1 Rde5 23. Rd2 Rh5 24. Kg2 Rhe5 25. Kf1 Rh5 26.
Rc4 Rxh2 27. Kg1 Rh5 28. Nxd4 Bxd4 29. Rxd4 Rc5 30. b3 Re6 31. b4 axb4 32.
Rxb4 b6 33. d4 Rc1+ 34. Kg2 c5 35. dxc5 Rxc5 36. Rdb2 Rcc6 37. Rb5 Rc4 38.
Rxb6 Rxb6 39. Rxb6 Rxa4 40. Rb8+ Kh7 41. Rb6 h5 42. e3 h4 43. gxh4 Rxh4 44.
Rc6 Ra4 45. Rb6 Ra5 46. Rc6 Ra4 47. Rb6 Ra5 48. Rc6 Ra4 1/2-1/2

[Event "GCT 2023 - Superbet Chess Classic"]
[Site "Bucarest"]
[Date "10.05.2023"]
[Round "5"]
[White "Giri, Anish"]
[Black "Rapport, Richard"]
[Result "1/2-1/2"]
[WhiteElo "2768"]
[BlackElo "2745"]
[EventDate "2023.05.04"]

1. e4 e6 2. d4 d5 3. Nd2 c5 4. Ngf3 cxd4 5. Nxd4 Nf6 6. exd5 a6 7. N2f3
Qxd5 8. c4 Bb4+ 9. Bd2 Qa5 10. a3 Bxd2+ 11. Qxd2 Qc7 12. Qg5 O-O 13. Be2
Re8 14. Qe5 Qb6 15. b4 Ng4 16. Qg5 e5 17. c5 Qc7 18. Nf5 Bxf5 19. Qxf5 Nf6
20. O-O Nc6 21. Rfd1 Rad8 22. Bc4 h6 23. Ne1 Nd4 24. Qh3 e4 25. Qg3 Qxg3
26. hxg3 Ng4 27. Bf1 Rd5 28. Bc4 Rdd8 29. Bf1 g5 30. Rab1 Kg7 31. a4 f5 32.
b5 axb5 33. Bxb5 Nxb5 34. axb5 Ne5 35. Nc2 Nd3 36. c6 bxc6 37. bxc6 Rd6 38.
Rb7+ Kg6 39. Nb4 Rc8 40. c7 Kf6 41. Kf1 Ke7 42. Nxd3 exd3 43. Rb3 Rxc7 44.
Rbxd3 Rxd3 45. Rxd3 Rc6 46. Rd2 Rc7 47. Rd3 Rc6 48. Rd2 Rc7 49. Rd3 1/2-1/2

[Event "GCT 2023 - Superbet Chess Classic"]
[Site "Bucarest"]
[Date "10.05.2023"]
[Round "5"]
[White "Firouzja, Alireza"]
[Black "Ding, Liren"]
[Result "1-0"]
[WhiteElo "2785"]
[BlackElo "2788"]
[EventDate "2023.05.04"]

1. e4 e5 2. Nf3 Nc6 3. Bb5 Nf6 4. d3 Bc5 5. c3 O-O 6. O-O d5 7. Nbd2 dxe4
8. dxe4 a5 9. Qc2 Qe7 10. a4 Nb8 11. h3 Rd8 12. Be2 Nbd7 13. Re1 Nf8 14.
Nb3 Bb6 15. Nfd2 Be6 16. Nc4 Bxc4 17. Bxc4 Ne6 18. g3 h5 19. Kg2 h4 20. Qe2
g6 21. Nd2 Nc5 22. Nf3 hxg3 23. fxg3 Ncxe4 24. Ng5 Nd6 25. Ba2 Re8 26. h4
Kg7 27. Rf1 Rad8 28. Bd2 e4 29. Bf4 e3 30. Rad1 Nfe4 31. Bxd6 Nxd6 32. Bxf7
Nxf7 33. Rxf7+ Qxf7 34. Nxf7 Rxd1 35. Qxd1 Kxf7 36. Qe2 Ke7 37. Kf1 Rf8+
38. Ke1 Rf2 39. Qg4 Kf6 40. Qg5+ Kf7 41. Qd5+ Kf6 42. g4 Rxb2 43. g5+ Ke7
44. Qe5+ Kd7 45. Qg7+ Kd6 46. Qxg6+ Ke5 47. Qe8+ Kf4 48. g6 Rb1+ 49. Ke2
Rb2+ 50. Kd3 Rd2+ 51. Kc4 Rg2 52. Qf7+ 1-0

[Event "GCT 2023 - Superbet Chess Classic"]
[Site "Bucarest"]
[Date "10.05.2023"]
[Round "5"]
[White "Duda, Jan-Krzysztof"]
[Black "Caruana, Fabiano"]
[Result "1/2-1/2"]
[WhiteElo "2724"]
[BlackElo "2764"]
[EventDate "2023.05.04"]

1. e4 e5 2. Nf3 Nc6 3. Bb5 a6 4. Ba4 Nf6 5. O-O b5 6. Bb3 Bc5 7. a4 Rb8 8.
c3 d6 9. d4 Bb6 10. a5 Ba7 11. h3 Bb7 12. Be3 Nxe4 13. Re1 Ne7 14. dxe5
Bxe3 15. Rxe3 O-O 16. Bc2 Nc5 17. Nbd2 Nd5 18. Re1 Nf4 19. Ne4 Re8 20. b4
Nxe4 21. Bxe4 Bxe4 22. Rxe4 dxe5 23. Nxe5 Nxh3+ 24. gxh3 Qg5+ 25. Kh1 Rxe5
26. f4 Qf5 27. Rxe5 Qxh3+ 28. Kg1 Qg3+ 29. Kh1 Qh3+ 30. Kg1 Qg3+ 31. Kh1
Qh3+ 1/2-1/2

[Event "GCT 2023 - Superbet Chess Classic"]
[Site "Bucarest"]
[Date "10.05.2023"]
[Round "5"]
[White "So, Wesley"]
[Black "Deac, Bogdan-Daniel"]
[Result "1/2-1/2"]
[WhiteElo "2760"]
[BlackElo "2700"]
[EventDate "2023.05.04"]

1. e4 e5 2. Nf3 Nc6 3. Bc4 Nf6 4. d3 Bc5 5. c3 d6 6. Nbd2 a5 7. O-O O-O 8.
h3 h6 9. Bb5 Ba7 10. Re1 Ne7 11. d4 Ng6 12. Nf1 Bd7 13. Bd3 b5 14. a4 bxa4
15. Bc2 Re8 16. Ng3 Bb6 17. Bd2 Rb8 18. Bxa4 Bxa4 19. Rxa4 Qd7 20. b3 c6
21. Qc2 Rb7 22. Be3 Bc7 23. Rd1 Qe6 24. b4 Rb5 25. bxa5 Rxa5 26. Rxa5 Bxa5
27. c4 Bd8 28. Qa4 Be7 29. d5 cxd5 30. cxd5 Qd7 31. Qxd7 Nxd7 32. Nf5 Nf6
33. Nd2 Bf8 34. f3 Rc8 35. g3 Ne8 36. Kf2 Ne7 37. Nxe7+ Bxe7 38. Ke2 Rc3
39. Rb1 Kf8 40. Rb8 h5 41. h4 f6 42. Nb3 Rc2+ 43. Bd2 Rb2 44. Rb7 f5 45.
Na5 Rxb7 46. Nxb7 fxe4 47. fxe4 Nf6 48. Kd3 Ke8 49. Na5 Ng4 50. Nc4 Nf2+
51. Ke3 Ng4+ 52. Ke2 Kd7 53. Ba5 Nf6 54. Kf3 Ng4 55. Ne3 Nxe3 56. Kxe3 Bd8
57. Bb4 Bb6+ 58. Ke2 g6 59. Kf3 Bd4 60. Ke2 Bb6 61. Kf3 Bd4 62. Ke2 Bb6
1/2-1/2

[Event "GCT 2023 - Superbet Chess Classic"]
[Site "Bucarest"]
[Date "10.05.2023"]
[Round "5"]
[White "Nepomniachtchi, Ian"]
[Black "Vachier Lagrave, Maxime"]
[Result "0-1"]
[WhiteElo "2795"]
[BlackElo "2741"]
[EventDate "2023.05.04"]

1. e4 c5 2. c3 d5 3. exd5 Qxd5 4. d4 Nf6 5. Nf3 e6 6. Na3 a6 7. Nc4 Nbd7 8.
a4 b6 9. Be2 Bb7 10. O-O cxd4 11. Qxd4 Bc5 12. Qh4 Qe4 13. Qxe4 Nxe4 14.
Nfd2 Nef6 15. Nb3 Be7 16. Bf4 Bd5 17. Rfd1 O-O 18. Nbd2 Rfc8 19. Ne3 Bc6
20. Ndc4 a5 21. Nd6 Bxd6 22. Bxd6 Nc5 23. Bb5 Nb7 24. Ba3 Rc7 25. f3 Rac8
26. Rd2 h6 27. Rad1 Bxb5 28. axb5 Kh7 29. Kf2 g5 30. h4 Kg6 31. hxg5 hxg5
32. g4 Rh8 33. Kg3 Rcc8 34. c4 Rh7 35. Bd6 Nd7 36. b3 f6 37. Ba3 Ne5 38.
Bb2 Rch8 39. Kf2 Nc5 40. Bxe5 fxe5 41. Rd6 Rh2+ 42. Kg1 Rh1+ 43. Kf2 R1h2+
44. Kg1 e4 45. Nf1 Rb2 46. Rxb6 exf3 47. Rd2 Rb1 48. Rc6 Rxf1+ 49. Kxf1
Rh1+ 50. Kf2 Ne4+ 51. Kxf3 Nxd2+ 52. Ke3 Nxb3 53. b6 Rh3+ 54. Kf2 Rh8 55.
Rxe6+ Kf7 56. Re5 a4 57. Rb5 Ke6 58. Ke3 a3 0-1